Performing the strong woman : a study on the relationship between the female role-type and the presence of feminism in contemporary dance in Malaysia /
Saved in:
| 主要作者: | |
|---|---|
| 格式: | Thesis 圖書 |
| 語言: | English |
| 出版: |
2008.
|
| 主題: | |
| 標簽: |
添加標簽
沒有標簽, 成為第一個標記此記錄!
|
| LEADER | 01005cam a2200253 a 4500 | ||
|---|---|---|---|
| 001 | u758614 | ||
| 003 | SIRSI | ||
| 008 | 080804s2008 my t 000 0 eng m | ||
| 005 | 20080804161000.0 | ||
| 040 | |a UMM | ||
| 043 | |a a-my--- | ||
| 090 | |a PN2037 |b UMP 2008 Mumbab | ||
| 100 | 0 | |a Mumtaz Begum Aboo Backer. | |
| 245 | 1 | 0 | |a Performing the strong woman : |b a study on the relationship between the female role-type and the presence of feminism in contemporary dance in Malaysia / |c Mumtaz Begum Aboo Backer . |
| 260 | |c 2008. | ||
| 300 | |a ix, 303 leaves ; |c 30 cm. | ||
| 502 | |a Thesis (Ph.D.) -- Pusat kebudayaan, Universiti Malaya, 2008. | ||
| 504 | |a Bibliography: leaves 291-297. | ||
| 650 | 0 | |a Women |x Dance |z Malaysia |y 20th century. | |
| 650 | 0 | |a Feminism and dance |z Malaysia |y 20th century. | |
| 710 | 2 | |a Universiti Malaya. |b Pusat Kebudayaan. | |
| 900 | |a RM-ZA | ||
| 596 | |a 1 | ||
| 999 | |a PN2037 UMP 2008 MUMBAB |w LC |c 1 |i A513259093 |d 16/11/2022 |e 16/11/2022 |f 8/10/2009 |g 1 |l STACKS |m P01UTAMA |n 22 |r Y |s Y |t TESIS |u 7/10/2009 | ||
